Statistiques concernant Culture Générale - Série 817

Cliquez ici pour prendre le quiz!

Statistiques générales

  • Ce quiz a été pris 76 fois
  • Le résultat moyen est 6 sur 10

Statistiques - réponses

QuestionRéponse% Correct
Le 11 mars 1984, quel chanteur a brûlé un billet de 500 francs, sur le plateau de l'émission "Sept sur sept" ?Serge Gainsbourg
90%
Quel artisan spécialisé dans les meubles de qualité tient son nom d'un bois noir et précieux ?ébéniste
89%
Familièrement, on appelle un employé de bureau un gratte-...papier
88%
Quelle grande île d'Océanie est réputée pour ses vins de la Hunter Valley ?Australie
83%
Dans l'oeuvre de Rabelais, qui est le père de Pantagruel ?Gargantua
75%
Dans quel département pourrez-vous visiter le musée du président Jacques Chirac ?Corrèze
60%
Quel chanteur de pop anglaise interprète le tube : "Grace Kelly" ?Mika
44%
Dans quelle ville les héros du film "Lost in Translation" se rencontrent-ils ?Tokyo
43%
A quel courant pictural, né en France en 1905, appartenaient les peintres Matisse, Vlaminck et Braque ?fauvisme
33%
Quel maréchal de France est devenu roi de Suède en 1818 ?Bernadotte
31%

Distribution des résultats

Percentile par nombre de réponses

% des personnes avec chaque résultat

Votre développement - résultats

Vous n’avez pas pris ce quiz